|
|
|
|
| LEADER |
00000nam a2200000 a 4500 |
| 001 |
vtls001484771 |
| 003 |
SK-MaSNL |
| 005 |
20260302073728.0 |
| 008 |
240313s1990 xr dab fra 0|000 cze |
| 035 |
|
|
|a SNK000440065
|
| 040 |
|
|
|a SNK
|b slo
|c SNK
|e AACR2
|
| 041 |
|
|
|a cze
|
| 043 |
|
|
|a e-cs---
|
| 044 |
|
|
|a xr
|c cz
|
| 072 |
|
7 |
|a 316.4
|x Sociálne procesy
|2 konspekt
|
| 080 |
|
|
|a 911.375:316.4
|2 MDT-MRF
|
| 080 |
|
|
|a (437)
|2 MDT-MRF
|
| 080 |
|
|
|a (048.8)
|2 MDT-MRF
|
| 100 |
1 |
|
|a Andrle, Alois
|4 aut
|9 276405
|
| 245 |
1 |
0 |
|a Urbanizace a obyvatelstvo
|b vliv urbanizace na vývoj rozložení obyvatel na území ČSFR po roce 1980
|c [autoři: Alois Andrle, Vladimír Srb a Jaroslav Martínek]
|
| 250 |
|
|
|a 1. vyd.
|
| 260 |
|
|
|a Praha
|b Terplan
|c 1990
|
| 300 |
|
|
|a 36 s.
|b mp., tab., grafy
|c 29 cm
|
| 506 |
|
|
|a 700 výt. Neprodejné
|
| 546 |
|
|
|a Res. v češ., nem. a angl.
|
| 650 |
0 |
7 |
|a urbanizácia
|z Česko-Slovensko
|y 1980-
|2 SNKPH
|9 69884
|
| 655 |
|
7 |
|a štúdie
|2 SNKPH
|9 57033
|
| 655 |
|
7 |
|a príručky
|2 SNK
|9 74364
|
| 700 |
1 |
|
|a Srb, Vladimír,
|d 1917-2006
|4 aut
|9 174511
|
| 700 |
1 |
|
|a Martínek, Jaroslav
|4 aut
|9 649531
|
| 958 |
|
|
|a OND
|
| 999 |
|
|
|c 1162091
|d 1164021
|
| 952 |
|
|
|t P60, <03>, [BOOK], {603}, -K-
|a SNK
|b SNK
|y VYP
|7 0
|p 17A0449896
|o snkIB 70767
|i snkD 1349/2004
|8 1
|0 0
|1 0
|4 0
|d 2004-11-04
|l 0
|r 2005-01-02 00:00:00
|w 2026-02-24
|